000
00330nam a2200145Ia 4500
003
OSt
005
20240119152349.0
008
170523s9999 xx 000 0 und d
020
_a
9353437458
040
_c
IIMT UNIVERSITY
100
_a
RENDER
245
0
_a
QUANTITATIVE ANALYSIS FOR MANAGEMENT
260
_b
PHI
942
_2
ddc
_c
01
999
_c
1898
_d
1898